00426nam a22001217a 4500999001900000082001400019100001900033245004200052260004300094300001100137942001200148952014400160 c534622d534622 a297.19729 aMalik, Farrukh aTruth or Fabrication /cFarrukh Malik aLahore :bAamir Rehman Printer,c2006. a316 p. 2ddccBK 00102ddc406297_197290000000000_FAR709496628aCLbCLcISLd2020-03-09eDonationl0o297.19729 FARpCL-D-885r2020-03-09w2020-03-09yBK